Processing Effects On Safety And Quality Of Foods (Record no. 2499)

MARC details
000 -LEADER
fixed length control field 00305nam a22001337a 4500
020 ## - INTERNATIONAL STANDARD BOOK NUMBER
International Standard Book Number 978-1-4200-6112-3
041 ## - LANGUAGE CODE
Language code of text/sound track or separate title ENG
100 ## - MAIN ENTRY--PERSONAL NAME
Personal name Rivas E.O
245 ## - TITLE STATEMENT
Title Processing Effects On Safety And Quality Of Foods
260 ## - PUBLICATION, DISTRIBUTION, ETC. (IMPRINT)
Place of publication, distribution, etc New York
Name of publisher, distributor, etc CRC
Date of publication, distribution, etc 2009
300 ## - PHYSICAL DESCRIPTION
Extent 572
650 ## - SUBJECT ADDED ENTRY--TOPICAL TERM
Topical term or geographic name as entry element APE
856 ## - ELECTRONIC LOCATION AND ACCESS
Uniform Resource Identifier APE ( 3 )
Holdings
Withdrawn status Lost status Source of classification or shelving scheme Damaged status Not for loan Home library Current library Shelving location Date acquired Cost, normal purchase price Total Checkouts Barcode Date last seen Price effective from Koha item type
    Dewey Decimal Classification     College of Agricultural Engineering and Technology, Dapoli , Library College of Agricultural Engineering and Technology, Dapoli , Library Book Cart 25/10/2021 9758.00   005423 25/10/2021 25/10/2021 Books

Contact Us: College of Agricultural Engineering and Technology, Dapoli, Dist.- Ratnagiri
Website: https://dbskkv.org Email: caetlibrary2015@gmail.com